Asia property report (Record no. 120618)

MARC details
000 -LEADER
fixed length control field 01013cai a22001815a 4500
001 - CONTROL NUMBER
control field L140003
008 - FIXED-LENGTH DATA ELEMENTS--GENERAL INFORMATION
fixed length control field 070829u xxko g 000 0 eng d
035 ## - SYSTEM CONTROL NUMBER
System control number (Sirsi) u140003
041 0# - LANGUAGE CODE
Language code of text/sound track or separate title eng
110 2# - MAIN ENTRY--CORPORATE NAME
Corporate name or jurisdiction name as entry element Asia Property Report
9 (RLIN) 5331
245 00 - TITLE STATEMENT
Title Asia property report
Remainder of title the region's real estate portal
Medium [electronic resource]
520 ## - SUMMARY, ETC.
Summary, etc. Reports current residential and commercial property news across the Asia region. Covers market trends, major developments and financial indices. Also provides listings and search services. These relate to land and property for sale in various countries across the region. Access to listings regarding property related services are also provided. Service and property searches in some countries can be broken down by region. Registration is required to add to the listings.
590 ## - LOCAL NOTE (RLIN)
Local note KA
651 #4 - SUBJECT ADDED ENTRY--GEOGRAPHIC NAME
Geographic name Asia
690 ## - LOCAL SUBJECT ADDED ENTRY--TOPICAL TERM (OCLC, RLIN)
Topical term or geographic name as entry element PROPERTY-PROPERTY MARKET
856 40 - ELECTRONIC LOCATION AND ACCESS
Uniform Resource Identifier <a href="https://www.property-report.com">https://www.property-report.com</a>
Public note View the website free of charge at www.property-report.com...
942 ## - ADDED ENTRY ELEMENTS (KOHA)
Suppress in OPAC 0
Holdings
Withdrawn status Lost status Source of classification or shelving scheme Damaged status Not for loan Home library Current library Shelving location Date acquired Total Checkouts Full call number Barcode Date last seen Copy number Price effective from Koha item type
    Dewey Decimal Classification     Virtual Virtual Online 29/08/2007   ONLINE PUBLICATION 140003-1001 06/08/2019 1 06/08/2019 Online material